000 00387nam a22001697a 4500
003 OSt
008 210520b ||||| |||| 00| 0 eng d
020 _a9780143442295
082 _a371.3943
_bDAL
100 _aDAS,Gaur Gopal
245 _aLife's Amazing Secrets
250 _aRep
260 _aNew Delhi
_bPenguin
_c2018
300 _a208
650 _aApplied Sc
942 _2ddc
_cBK
999 _c10646
_d10646